00748nam a2200205 a 450000100100000000500170001000800410002704000250006808200200009310000370011324500680015026000570021830000280027565000260030365000280032970000350035704900090039295201240040199900170052500001474220240502094959.0100119s1987 cu 000 j spa d aDO-SdBNPbspacBNPHU aCu863.44bC355f1 aCastro, Fideld 1926-201691697113aLa fortaleza conquistada /cFidel Castro Ruz; Patricia Semidey. aLa Habana, (Cuba) :bEditora Abril de la UJC,c1987. a101 P. :bil. ;c22 cm. 4aCuentos cubanos91482 4aLiteratura cubana914831 aSemidey, Patricia,eed.916222 aBNGR 001054708MOaGRbGRcCTd2010-01-19iLF1l0oCu863.44 C355fp14742-10r2020-06-25w2020-06-25y4ZPréstamo en sala c14325d14325